The Peoples of the hills: ancient Ararat and Caucasus
| Authors: | ; |
|---|---|
| Format: | Print Book |
| Language: | English |
| Subito Delivery Service: | Order now. |
| Check availability: | HBZ Gateway |
| WorldCat: | WorldCat |
| Interlibrary Loan: | Interlibrary Loan for the Fachinformationsdienste (Specialized Information Services in Germany) |
| Published: |
New York [u.a.]
Praeger Publ.
1972
|
| In: | Year: 1972 |
| Series/Journal: | History of civilisation
|
| Standardized Subjects / Keyword chains: | B
Caucasus
/ Culture
/ History
B Armenia (Landscape) / Culture / History B Near East / Mountain people / Culture / History |
MARC
| LEADER | 00000cam a22000002c 4500 | ||
|---|---|---|---|
| 001 | 1073618676 | ||
| 003 | DE-627 | ||
| 005 | 20251224215046.0 | ||
| 007 | tu | ||
| 008 | 850101s1972 xx ||||| 00| ||eng c | ||
| 035 | |a (DE-627)1073618676 | ||
| 035 | |a (DE-576)003618676 | ||
| 035 | |a (DE-599)BSZ003618676 | ||
| 035 | |a (OCoLC)00281903 | ||
| 040 | |a DE-627 |b ger |c DE-627 |e rakwb | ||
| 041 | |a eng | ||
| 082 | 0 | |a 913.39/55 | |
| 084 | |a BO 3260 |2 rvk |0 (DE-625)rvk/14351: | ||
| 100 | 1 | |0 (DE-588)1013319583 |0 (DE-627)664155200 |0 (DE-576)188975527 |4 aut |a Burney, Charles Allen |d 1930- | |
| 109 | |a Burney, Charles Allen 1930- |a Burney, Charles Allan 1930- |a Burney, C. 1930- |a Burney, Charles 1930- |a Burney, Charles A. 1930- | ||
| 191 | |a 1 | ||
| 245 | 1 | 4 | |a The Peoples of the hills |b ancient Ararat and Caucasus |c Charles Burney; David Marshall Lang |
| 264 | 1 | |a New York [u.a.] |b Praeger Publ. |c 1972 | |
| 300 | |a XV, 323 S. |b graph. Darst. | ||
| 336 | |a Text |b txt |2 rdacontent | ||
| 337 | |a ohne Hilfsmittel zu benutzen |b n |2 rdamedia | ||
| 338 | |a Band |b nc |2 rdacarrier | ||
| 490 | 0 | |a History of civilisation | |
| 583 | 1 | |a Archivierung prüfen |c 20200919 |f DE-640 |z 1 |2 pdager | |
| 689 | 0 | 0 | |d g |0 (DE-588)4030090-0 |0 (DE-627)104254157 |0 (DE-576)208985573 |2 gnd |a Kaukasus |
| 689 | 0 | 1 | |d s |0 (DE-588)4125698-0 |0 (DE-627)104470348 |0 (DE-576)209578750 |2 gnd |a Kultur |
| 689 | 0 | 2 | |q z |2 gnd |a Geschichte |
| 689 | 0 | |5 (DE-627) | |
| 689 | 1 | 0 | |d g |0 (DE-588)4085930-7 |0 (DE-627)104251484 |0 (DE-576)209232846 |2 gnd |a Armenien |g Landschaft |
| 689 | 1 | 1 | |d s |0 (DE-588)4125698-0 |0 (DE-627)104470348 |0 (DE-576)209578750 |2 gnd |a Kultur |
| 689 | 1 | 2 | |q z |2 gnd |a Geschichte |
| 689 | 1 | |5 (DE-627) | |
| 689 | 2 | 0 | |d g |0 (DE-588)4068878-1 |0 (DE-627)104589485 |0 (DE-576)20917496X |2 gnd |a Naher Osten |
| 689 | 2 | 1 | |d s |0 (DE-588)4144666-5 |0 (DE-627)105596477 |0 (DE-576)20973566X |2 gnd |a Bergvolk |
| 689 | 2 | 2 | |d s |0 (DE-588)4125698-0 |0 (DE-627)104470348 |0 (DE-576)209578750 |2 gnd |a Kultur |
| 689 | 2 | 3 | |q z |2 gnd |a Geschichte |
| 689 | 2 | |5 (DE-627) | |
| 700 | 1 | |0 (DE-588)174063571 |0 (DE-627)698959248 |0 (DE-576)161901174 |4 aut |a Lang, David Marshall |d 1924-1991 | |
| 935 | |a mteo | ||
| 936 | r | v | |a BO 3260 |b Nach Kirchen und Ländern |k Theologie und Religionswissenschaften |k Patrologie und Kirchengeschichte |k Kirchengeschichte nach Perioden |k Geschichte der Ostkirchen (ab 692) |k Orthodoxe Sonderkirchen des Orients |k Nach Kirchen und Ländern |0 (DE-627)1270746502 |0 (DE-625)rvk/14351: |0 (DE-576)200746502 |
| 951 | |a BO | ||
| ELC | |b 1 | ||
| ORI | |a SA-MARC-ixtheo_oa001.raw | ||
| REF | |a Kulturgeschichte | ||
| REL | |a 1 | ||
| STA | 0 | 0 | |a Caucasus,Caucasus,Northern Caucasus,Culture,Culture,Culture,History,History,History in art,Mountain people,Near East,Middle East,Moyen-Orient,Orient |
| STB | 0 | 0 | |a Culture,Culture,Civilisation,Civilisation,Culture,Civilisation (motif),Civilisation,Histoire,Histoire,Histoire,Peuple montagnard |
| STC | 0 | 0 | |a Cultura,Cultura,Historia,Historia,Historia,Pueblo de las montañas |
| STD | 0 | 0 | |a Cultura,Cultura,Popolo montano,Storia,Storia |
| STE | 0 | 0 | |a 历史,史,文化 |
| STF | 0 | 0 | |a 文化,歷史,史 |
| STG | 0 | 0 | |a Cultura,Cultura,História,História,Povo montanhês |
| STH | 0 | 0 | |a Горный народ,История (мотив),История,Культура (мотив),Культура |
| STI | 0 | 0 | |a Ιστορία (μοτίβο),Ιστορία,Ορεσίβιος λαός,Πολιτισμός <μοτίβο>,Πολιτισμός,Κουλτούρα,Κουλτούρα (μοτίβο) |
| SUB | |a REL | ||
| SYG | 0 | 0 | |a Kavkaz,Kawkas , Culture , History,Geschichtliche Epoche,Historical development,Historische Entwicklung,Landesgeschichte,Regionalgeschichte,Ortsgeschichte,Zeitgeschichte , Königreich Armenien,Hayastan,Republik Armenien,Hayastani Hanrapetut'yun,Hayastani Hanrapetowt̕iwn,Armenija,Hayastani Hanrapetowt̕yown,Hayastani Hanrapetowt'yown,HH,Republic of Armenia,RA,Armenia , Culture , History,Geschichtliche Epoche,Historical development,Historische Entwicklung,Landesgeschichte,Regionalgeschichte,Ortsgeschichte,Zeitgeschichte , Naher Orient,Vorderasien,Vorderer Orient,Südwestasien,Asien,Südwest,Nahost,Middle East,Moyen-Orient,Westasien,Asien,West , Bergvölker , Culture , History,Geschichtliche Epoche,Historical development,Historische Entwicklung,Landesgeschichte,Regionalgeschichte,Ortsgeschichte,Zeitgeschichte |



